LEADER 01104nam2-2200373---450- 001 990003504070203316 005 20110302164927.0 035 $a000350407 035 $aUSA01000350407 035 $a(ALEPH)000350407USA01 035 $a000350407 100 $a20110224d1980----km-y0itay50------ba 101 $aita 102 $aIT 105 $aa---||||001yy 200 1 $aPatologia da sport : apparato locomotore$fIgnazio Caruso, Attilio Mancini, Giancarlo Puddu 210 $aRoma$cAngelini$d1980 215 $cill.$d31 cm 225 2 $aConcepta 300 $aSenza paginazione 606 0 $aApparato locomotore$xPatologia$2BNCF 676 $a573.79 700 1$aCARUSO,$bAttilio$0609558 701 $aMANCINI,$bAttilio$0314848 701 $aPUDDU,$bGiancarlo$0514094 801 0$aIT$bsalbc$gISBD 912 $a990003504070203316 951 $aFDC 300/8$b884 Med.$cFDC 959 $aBK 969 $aMED 979 $aCIANATIEMP$b90$c20110224$lUSA01$h1400 979 $aCIANATIEMP$b90$c20110302$lUSA01$h1649 996 $aPatologia da sport : apparato locomotore$91114513 997 $aUNISA